Screen media for Arab and European children : (Record no. 30606)
[ view plain ]
| 000 -LEADER | |
|---|---|
| fixed length control field | 01583cam a2200361 i 4500 |
| 001 - CONTROL NUMBER | |
| control field | om208006406 |
| 003 - CONTROL NUMBER IDENTIFIER | |
| control field | EG-ScBUE |
| 005 - DATE AND TIME OF LATEST TRANSACTION | |
| control field | 20231113134523.0 |
| 008 - FIXED-LENGTH DATA ELEMENTS--GENERAL INFORMATION | |
| fixed length control field | 190912s2019 sz f b 001 0 eng d |
| 020 ## - INTERNATIONAL STANDARD BOOK NUMBER | |
| International Standard Book Number | 9783030256579 |
| 040 ## - CATALOGING SOURCE | |
| Original cataloging agency | UKMGB |
| Language of cataloging | eng |
| Description conventions | rda |
| Transcribing agency | UKMGB |
| Modifying agency | OCLCO |
| -- | BDX |
| -- | OCLCF |
| -- | YDX |
| -- | EG-ScBUE |
| 043 ## - GEOGRAPHIC AREA CODE | |
| Geographic area code | ma----- |
| -- | e------ |
| 082 04 - DEWEY DECIMAL CLASSIFICATION NUMBER | |
| Classification number | 302.231083 |
| Edition number | 22 |
| Item number | SAK |
| 100 1# - MAIN ENTRY--PERSONAL NAME | |
| Personal name | Sakr, Naomi, |
| Relator term | author. |
| 245 10 - TITLE STATEMENT | |
| Title | Screen media for Arab and European children : |
| Remainder of title | policy and production encounters in the multiplatform era / |
| Statement of responsibility, etc | Naomi Sakr, Jeanette Steemers. |
| 264 #1 - PUBLICATION, DISTRIBUTION, ETC. (IMPRINT) | |
| Place of publication, distribution, etc | Cham : |
| Name of publisher, distributor, etc | Palgrave Macmillan, |
| Date of publication, distribution, etc | 2019. |
| 300 ## - PHYSICAL DESCRIPTION | |
| Extent | ix, 142 pages ; |
| Dimensions | 21 cm. |
| 336 ## - CONTENT TYPE | |
| Content type term | text |
| Content type code | txt |
| Source | rdacontent |
| 337 ## - MEDIA TYPE | |
| Media type term | unmediated |
| Media type code | n |
| Source | rdamedia |
| 338 ## - CARRIER TYPE | |
| Carrier type term | volume |
| Carrier type code | nc |
| Source | rdacarrier |
| 490 0# - SERIES STATEMENT | |
| Series statement | Palgrave pivot |
| 504 ## - BIBLIOGRAPHY, ETC. NOTE | |
| Bibliography, etc | Includes bibliographical references and index. |
| 650 #7 - SUBJECT ADDED ENTRY--TOPICAL TERM | |
| Topical term or geographic name as entry element | Mass media and children |
| Geographic subdivision | Arab countries. |
| Source of heading or term | BUEsh |
| 650 #7 - SUBJECT ADDED ENTRY--TOPICAL TERM | |
| Topical term or geographic name as entry element | Mass media and children |
| Geographic subdivision | Europe. |
| Source of heading or term | BUEsh |
| 650 #7 - SUBJECT ADDED ENTRY--TOPICAL TERM | |
| Topical term or geographic name as entry element | Computers and children |
| Geographic subdivision | Arab countries. |
| Source of heading or term | BUEsh |
| 650 #7 - SUBJECT ADDED ENTRY--TOPICAL TERM | |
| Topical term or geographic name as entry element | Computers and children |
| Geographic subdivision | Europe. |
| Source of heading or term | BUEsh |
| 655 ## - INDEX TERM--GENRE/FORM | |
| Form subdivision | Reading book |
| 700 1# - ADDED ENTRY--PERSONAL NAME | |
| Personal name | Steemers, Jeanette, |
| Relator term | author. |
| 776 08 - ADDITIONAL PHYSICAL FORM ENTRY | |
| Display text | Electronic version: |
| Main entry heading | Sakr, Naomi. |
| Title | Screen media for Arab and European children. |
| Place, publisher, and date of publication | Cham : Palgrave Macmillan, 2019 |
| International Standard Book Number | 9783030256586 |
| Record control number | (OCoLC)1122792042 |
| 942 ## - ADDED ENTRY ELEMENTS (KOHA) | |
| Source of classification or shelving scheme | Dewey Decimal Classification |
| Koha item type | Book - Borrowing |
| 949 ## - LOCAL PROCESSING INFORMATION (OCLC) | |
| t | NONCIRC |
| l | _ULDEMAND |
| m | I-UNIVLIB |
| o | .PUBLIC. Books on Demand service for IUPUI University Library users only |
| -- | .PUBLIC. Click the “Get this for IUPUI” button to submit a request. |
| Withdrawn status | Lost status | Source of classification or shelving scheme | Damaged status | Not for loan | Collection code | Home library | Current library | Shelving location | Date acquired | Source of acquisition | Total Checkouts | Full call number | Barcode | Date last seen | Price effective from | Koha item type |
|---|---|---|---|---|---|---|---|---|---|---|---|---|---|---|---|---|
| Dewey Decimal Classification | Donation-Gift | Central Library | Central Library | First floor | 13/11/2023 | Donation | 302.231083 SAK | 000056942 | 15/07/2025 | 13/11/2023 | Book - Borrowing |